| 000 | 00585nam a2200169 i 4500 | ||
|---|---|---|---|
| 001 | 22439 | ||
| 003 | ES-MaACL | ||
| 005 | 20230906152709.0 | ||
| 007 | t| | ||
| 008 | 021202s1982 sp ||||1| spa d | ||
| 100 | 1 |
_aAlegre Gómez, Santiago. _919670 |
|
| 245 | 1 | 3 |
_aEl Proyecto de Ley de Financiación de la Enseñanza Obligatoria / _cpor Santiago Alegre Gómez. |
| 260 |
_aMadrid : _bPresidencia del Gobierno, _c1982 ( _fImp. Boletín Oficial del Estado) |
||
| 300 |
_a157 p. ; _c24 cm. |
||
| 710 | 1 |
_aEspaña. _bPresidencia del Gobierno. _93951 |
|
| 852 |
_aES-MaACL _jL-3818 _bR.104775 |
||
| 999 |
_c22439 _d22439 |
||